000 01133nam a22003497a 4500
003 CHAP
005 20220817044114.0
008 060529d2005 mx r 00110 eng d
010 _a92290
011 _a93262
020 _a9251049823
035 _a103834
040 _cCHAP
082 0 4 _a634.95
_bF32
110 2 _aFAO
245 1 0 _aRegional code of practice for reduced-impact forest harvesting in tropical moist forests of west and central Africa
_c/by FAO
260 _aRome :
_bFAO,
_c2005.
300 _a134 p. :
_bilus.
590 _aBATCH-UPD
_b10
_c20130110
_lUCH01
_h0902
590 _aBATCH-UPD
_b10
_c20130410
_lUCH01
_h0530
590 _aBATCH-UPD
_b10
_c20130914
_lUCH01
_h0703
590 _aCONVERSION
_b10
_c20130109
_lUCH01
_h1351
650 1 4 _aBosques
_xAdministración.
_914003
650 1 4 _aBosques
_xAfrica.
_914045
650 1 4 _aBosques
_xTrópicos.
_914401
650 1 4 _aProductos forestales.
_992059
650 1 4 _aSilvicultura sustentable.
_9106136
901 _aBK
905 _aAlejandra Carrasco M.
942 _cLIBRO
949 _a634.95 F32
_bBC
_cFAO
_d33724000986246
_eFAO1
_gDonaciØn
_h107750
_i103834
_sb
999 _c92290
_d92290